| 000 | 01144nam a2200325 i 4500 | ||
|---|---|---|---|
| 999 |
_c65640 _d65640 |
||
| 001 | 768714001 | ||
| 003 | CO-MdFUSB | ||
| 005 | 20200824103300.0 | ||
| 007 | ta | ||
| 008 | 200403t2001 maua|||| |||| 00| 0 eng d | ||
| 020 | _a9781565635753 | ||
| 040 |
_aCO-MdFUSB _bspa _cCO-MdFUSB _dCO-MdFUSBC _erda |
||
| 041 | _aeng | ||
| 082 |
_223 _a492.6709 _bSM655 |
||
| 100 | 1 |
_aSmith, Mark S., _d1955- _eautor |
|
| 245 | 1 |
_aUntold stories : _bthe Bible and Ugaritic studies in the twentieth century _c/ Mark S Smith |
|
| 264 | 1 |
_aMassachusetts : _bHendrickson Publishers, _c[2001] |
|
| 264 | 4 | _c© 2001 | |
| 300 |
_a152 páginas _c; 24 cm |
||
| 336 |
_2rdacontent _atexto _btxt |
||
| 337 |
_2rdamedia _asin mediación _bn |
||
| 338 |
_2rdacarrier _avolumen _bnc |
||
| 500 | _aColección Dawn Christina Harrell | ||
| 505 | _aComienzos: 1928 a 1945. -- Síntesis y comparaciones: 1945 a 1970 . -- Nuevos textos y crisis en método comparativo: 1970 a 1985 -- Resurgimiento en herramientas y método: 1985 a 1999. | ||
| 563 | _aRústico | ||
| 630 | 0 | 7 |
_aBiblia. _pAntiguo Testamento |
| 942 | _cBK | ||
| 945 | _aJTF-925 | ||